Vista normal Vista MARC

Entrada Nombre personal

Número de registros utilizados en: 1

001 - NÚMERO DE CONTROL

  • Campo de control: 45462

003 - IDENTIFICADOR DE NÚMERO DE CONTROL

  • Campo de control: OSt

005 - FECHA Y HORA DE LA ULTIMA MODIFICACION

  • Campo de control: 20210706152535.0

008 - ELEMENTOS DE DATOS DE LONGITUD FIJA

  • Campo de longitud fija: 210706|| aca||aabn | a|a d

040 ## - FUENTE DE LA CATALOGACIÓN

  • Agencia original de catalogación: OSt

100 1# - ENCABEZAMIENTO--NOMBRE DE PERSONA

  • Nombre personal: Aragón Sifontes, Jonathan Alberto

670 ## - FUENTE DE DATOS ENCONTRADOS

  • Fuente de citación: Investigación, determinación y declaración de los impuestos específicos, ad valorem y contribuciones especiales en El Salvador.

670 ## - FUENTE DE DATOS ENCONTRADOS

  • Fuente de citación: BMC. 06-07-2021